000 01003nam a22002537a 4500
003 PE SENCICO BE
005 20251020182639.0
008 230703b |||||||| |||| 00| 0 eng d
040 _aPE SENCICO BE
_cPE SENCICO BE
041 _aspa
084 _aI
_aTOP
_a2017
_bO44
100 1 _91194
_aOlivera Risco, Kelvi
_eautor
245 1 _aAplicación de la topografía en puentes /
_cKelvi Olivera Risco
260 _aLima :
_c2017
300 _a45 h. :
_bil. col., diagrs. ;
_c29 cm.
502 _aMonografía de Titulación.-- Servicio Nacional de Capacitación para la Industria de la Construcción. Escuela Superior Técnica. Carrera Profesional Técnica en Topografía y Geodesía, 2017.
650 1 4 _94
_aTopografía
650 2 4 _9353
_aPuentes
650 2 4 _9719
_aDiseño de puentes
650 2 4 _9116
_aLevantamiento topográfico
710 1 _aServicio Nacional de Capacitación para la Industria de la Construcción.
_bEscuela Superior Técnica
_91065
910 _bhfp
_chfp
942 _cMON
999 _c4219
_d4219